000 00322nam a2200157Ia 4500
100 _aAmbawade/D/ shah/Deven
650 _aCOMPUTER NETWORK
942 _cBK
366 _f20
245 _aAdvanced computer Network
260 _bDreamtech
_c2016
082 _bAMB
300 _a376
546 _aENGLISH
999 _c25192
_d25192